000 02001cam a2200289 i 4500
003 SA-RiAUC
005 20250121083123.0
008 250121s1996 ua g 00000 ara c
024 0 _a00000000964197
040 _aSA-RiAUC
_bara
_cSA-RiAUC
_dAE-DuMBRL
_erda
082 0 4 _a251
_qSA-RiAUC
090 _a251
_bع ث م
100 1 _aعثمان، محمود حامد
_eمؤلف.
245 1 0 _aقاعدة سد الذرائع وأثرها في الفقه الإسلامي /
_cإعداد الدكتور محمود حامد عثمان.
250 _aالطبعة الأولى.
264 1 _aالقاهرة :
_bدار الحديث طبع. نشر . توزيع،
_c1996.
300 _a539 صفحة ؛
_c24 × 17 سم
336 _aنص
_btxt
_2rdacontent
_3كتاب
337 _aبدون وسيط
_bn
_2rdamedia
338 _aمجلد
_bnc
_2rdacarrier
520 _aيتناول كتاب (قاعدة سد الذرائع وأثرها في الفقه الإسلامي) والذي قام بتأليفه د. محمود حامد عثمان، موضوع (قاعدة سد الذرائع) الكتاب يحاول مؤلفه إثبات أن الشارع الحكيم اعتبر الذرائع وجعلها أصلا من أصول الشريعة، فقد ثبت اعتبارها بالقرآن الكريم والسنة المطهرة والإجماع والاستقراء والمعقول. وأيضا تجلية قوة الفقه الإسلامي وحيويته وخصوبته ومرونته في المسائل الفرعية، التي تلائم اختلاف الزمان وتغير الأعراف، وفقا لقواعد وأصول وضعها الفقهاء مناهج وطرقا للبحث والاستنباط.
650 7 _aسد الذرائع
_2aucsh
650 7 _aأصول الفقه الإسلامي
_2aucsh
942 _2ddc
_cBOOK
_n0
949 _aSA-JeALM
_d250121
_umohamedma123
_n1
999 _c5065
_d5065